[Event "V4 OPEN - International Championship of Slovakia 2
[Site "Banska Stiavnica"]
[Date "2013.07.11"]
[Round "6"]
[Board "19"]
[White "Kavon, Rastislav"]
[Black "Nasuta, Grzegorz"]
[Result "0-1"]
[WhiteElo "1994"]
[BlackElo "2353"]
[PlyCount "0"]
[EventDate "2013.07.06"]
[EventRounds "9"]
[EventCountry "SVK"]

1. e4 {[%clk 1:30:57]} c5 {[%clk 1:30:55]} 2. Nf3 {[%clk 1:31:21]} d6
{[%clk 1:31:22]} 3. d4 {[%clk 1:31:43]} cxd4 {[%clk 1:31:48]} 4. Nxd4
{[%clk 1:32:06]} Nf6 {[%clk 1:32:13]} 5. Nc3 {[%clk 1:32:20]} a6 {[%clk 1:32:10]}
6. Be2 {[%clk 1:32:33]} e6 {[%clk 1:32:34]} 7. O-O {[%clk 1:32:02]} b5
{[%clk 1:32:59]} 8. a3 {[%clk 1:31:13]} Bb7 {[%clk 1:32:58]} 9. f3
{[%clk 1:26:40]} Nbd7 {[%clk 1:32:43]} 10. Be3 {[%clk 1:26:08]} Be7
{[%clk 1:32:55]} 11. Qe1 {[%clk 1:23:24]} O-O {[%clk 1:31:57]} 12. Qg3
{[%clk 1:21:50]} Kh8 {[%clk 1:29:19]} 13. Rad1 {[%clk 1:20:35]} Rc8
{[%clk 1:29:16]} 14. Kh1 {[%clk 1:17:13]} Qc7 {[%clk 1:26:55]} 15. Nb3
{[%clk 1:05:31]} d5 {[%clk 1:02:51]} 16. Qxc7 {[%clk 0:58:33]} Rxc7
{[%clk 1:03:16]} 17. exd5 {[%clk 0:56:57]} Nxd5 {[%clk 1:03:33]} 18. Nxd5
{[%clk 0:50:43]} Bxd5 {[%clk 1:04:01]} 19. Nd4 {[%clk 0:50:31]} Rb7
{[%clk 0:32:29]} 20. f4 {[%clk 0:34:51]} Nb6 {[%clk 0:28:29]} 21. f5
{[%clk 0:31:26]} Nc4 {[%clk 0:12:21]} 22. Bc1 {[%clk 0:31:19]} Kg8
{[%clk 0:11:49]} 23. Bg4 {[%clk 0:26:29]} e5 {[%clk 0:08:39]} 24. Bf3
{[%clk 0:24:53]} Bxf3 {[%clk 0:06:09]} 25. Nxf3 {[%clk 0:25:21]} e4
{[%clk 0:06:28]} 26. Nd4 {[%clk 0:23:58]} Re8 {[%clk 0:06:42]} 27. c3
{[%clk 0:21:45]} Bf6 {[%clk 0:02:46]} 28. Rfe1 {[%clk 0:20:23]} Rd7
{[%clk 0:01:03]} 29. b3 {[%clk 0:15:30]} Bxd4 {[%clk 0:00:47]} 30. cxd4
{[%clk 0:14:00]} Nb6 {[%clk 0:01:14]} 31. Re2 {[%clk 0:13:01]} g6
{[%clk 0:01:03]} 32. g4 {[%clk 0:12:36]} Nd5 {[%clk 0:00:57]} 33. Rde1
{[%clk 0:10:07]} Rde7 {[%clk 0:01:07]} 34. Bg5 {[%clk 0:09:24]} f6
{[%clk 0:01:25]} 35. Bd2 {[%clk 0:09:53]} e3 {[%clk 0:01:37]} 36. Bc1
{[%clk 0:09:06]} Re4 {[%clk 0:02:06]} 37. h3 {[%clk 0:08:58]} Rxd4 38. Kh2
{[%clk 0:06:54]} Rf4 {[%clk 0:01:17]} 39. fxg6 {[%clk 0:07:12]} hxg6
{[%clk 0:01:45]} 40. Kg3 {[%clk 0:06:14]} Rfe4 {[%clk 0:01:26]} 41. Kf3
{[%clk 0:05:57]} Rf4+ {[%clk 0:30:06]} 42. Kg3 {[%clk 0:37:25]} Rd4
{[%clk 0:23:29]} 43. Bxe3 {[%clk 0:34:43]} Rd3 {[%clk 0:23:31]} 44. Kf2
{[%clk 0:34:59]} Nc3 {[%clk 0:23:11]} 45. Rc2 {[%clk 0:33:08]} Rdxe3
{[%clk 0:22:42]} 0-1

[Event "V4 OPEN - International Championship of Slovakia 2
[Site "Banska Stiavnica"]
[Date "2013.07.11"]
[Round "6"]
[Board "20"]
[White "Toman, Ondrej"]
[Black "Borosova, Zuzana"]
[Result "0-1"]
[WhiteElo "2061"]
[BlackElo "2265"]
[PlyCount "0"]
[EventDate "2013.07.06"]
[EventRounds "9"]
[EventCountry "SVK"]

1. e4 {[%clk 1:30:58]} c5 {[%clk 1:22:55]} 2. Nc3 {[%clk 1:30:46]} d6
{[%clk 1:23:02]} 3. f4 {[%clk 1:30:24]} g6 {[%clk 1:23:03]} 4. Nf3
{[%clk 1:30:16]} Bg7 {[%clk 1:23:26]} 5. Bb5+ {[%clk 1:29:38]} Bd7
{[%clk 1:23:03]} 6. Qe2 {[%clk 1:28:42]} Bxb5 {[%clk 1:08:23]} 7. Qxb5+
{[%clk 1:28:42]} Qd7 {[%clk 1:08:38]} 8. Qxd7+ {[%clk 1:25:01]} Kxd7
{[%clk 1:08:44]} 9. O-O {[%clk 1:22:58]} Nc6 {[%clk 1:08:49]} 10. d3
{[%clk 1:22:45]} e6 {[%clk 1:02:23]} 11. Be3 {[%clk 1:19:39]} Nge7
{[%clk 1:01:57]} 12. Rad1 {[%clk 1:17:48]} f5 {[%clk 0:45:03]} 13. e5
{[%clk 1:08:15]} dxe5 {[%clk 0:34:25]} 14. Nxe5+ {[%clk 1:08:00]} Nxe5
{[%clk 0:34:34]} 15. fxe5 {[%clk 1:08:22]} Nd5 {[%clk 0:24:12]} 16. Nxd5
{[%clk 1:05:11]} exd5 {[%clk 0:24:35]} 17. d4 {[%clk 0:58:37]} c4
{[%clk 0:19:46]} 18. g4 {[%clk 0:56:34]} Ke6 {[%clk 0:19:15]} 19. gxf5+
{[%clk 0:56:17]} gxf5 {[%clk 0:19:40]} 20. Kf2 {[%clk 0:55:16]} Rhg8
{[%clk 0:16:13]} 21. Rg1 {[%clk 0:54:36]} Raf8 {[%clk 0:08:56]} 22. Bf4
{[%clk 0:52:28]} Bh8 {[%clk 0:08:26]} 23. h4 {[%clk 0:46:49]} Rg4
{[%clk 0:07:29]} 24. Kf3 {[%clk 0:38:23]} h5 {[%clk 0:06:52]} 25. c3
{[%clk 0:36:23]} Rfg8 {[%clk 0:06:08]} 26. Bg5 {[%clk 0:35:02]} Bg7
{[%clk 0:05:02]} 27. b3 {[%clk 0:34:22]} cxb3 {[%clk 0:04:36]} 28. axb3
{[%clk 0:34:51]} Bh6 {[%clk 0:04:38]} 29. Rxg4 {[%clk 0:27:27]} fxg4+
{[%clk 0:05:06]} 30. Kg3 {[%clk 0:27:25]} Bxg5 {[%clk 0:04:34]} 31. hxg5
{[%clk 0:28:24]} Rxg5 {[%clk 0:04:55]} 32. Kh4 {[%clk 0:28:13]} Rf5
{[%clk 0:05:22]} 33. c4 {[%clk 0:27:46]} Rf3 {[%clk 0:04:53]} 34. Kxh5
{[%clk 0:26:32]} Kf5 {[%clk 0:02:36]} 35. Kh6 {[%clk 0:26:03]} dxc4
{[%clk 0:02:01]} 36. bxc4 {[%clk 0:25:54]} g3 {[%clk 0:02:25]} 37. Kg7
{[%clk 0:24:37]} Ke6 {[%clk 0:01:09]} 38. d5+ {[%clk 0:24:10]} Kxe5
{[%clk 0:01:10]} 39. d6 {[%clk 0:24:39]} g2 {[%clk 0:01:19]} 40. d7
{[%clk 0:24:38]} Rf1 {[%clk 0:00:50]} 41. Rd5+ {[%clk 0:23:38]} Ke4
{[%clk 0:27:26]} 42. d8=Q {[%clk 0:47:58]} g1=Q+ {[%clk 0:27:32]} 43. Kh6
{[%clk 0:46:31]} Qh2+ {[%clk 0:14:42]} 44. Kg6 {[%clk 0:46:06]} Rg1+
{[%clk 0:15:01]} 45. Rg5 {[%clk 0:46:07]} Rxg5+ {[%clk 0:15:08]} 46. Kxg5
{[%clk 0:46:20]} Qg3+ {[%clk 0:14:36]} 47. Kh6 {[%clk 0:45:16]} Qe3+
{[%clk 0:14:01]} 48. Kh7 {[%clk 0:43:12]} Qd4 {[%clk 0:10:20]} 49. Qh4+
{[%clk 0:40:58]} Kd3 {[%clk 0:10:12]} 50. Qh3+ {[%clk 0:40:51]} Kxc4
{[%clk 0:07:19]} 51. Qc8+ {[%clk 0:41:09]} Kd3 {[%clk 0:07:21]} 52. Qh3+
{[%clk 0:41:21]} Ke2 {[%clk 0:06:31]} 53. Qg2+ {[%clk 0:41:23]} Ke3
{[%clk 0:06:02]} 54. Qg1+ {[%clk 0:41:05]} Ke4 {[%clk 0:06:11]} 55. Qg4+
{[%clk 0:41:27]} Kd5 {[%clk 0:05:26]} 56. Qd7+ {[%clk 0:41:42]} Kc4
{[%clk 0:02:47]} 57. Qa4+ {[%clk 0:42:09]} Kc3 {[%clk 0:02:46]} 58. Qa1+
{[%clk 0:42:31]} Kd3 {[%clk 0:03:00]} 59. Qd1+ {[%clk 0:43:00]} Ke3
{[%clk 0:02:38]} 60. Qg1+ {[%clk 0:43:28]} Ke4 {[%clk 0:03:02]} 61. Qg4+
{[%clk 0:43:54]} Kd5 {[%clk 0:03:08]} 62. Qd7+ {[%clk 0:44:12]} Kc5
{[%clk 0:03:11]} 63. Qc7+ {[%clk 0:44:20]} Kb5 {[%clk 0:02:40]} 64. Qxb7+
{[%clk 0:44:39]} Qb6 {[%clk 0:02:45]} 65. Qd5+ {[%clk 0:44:36]} Ka6
{[%clk 0:03:11]} 66. Qc4+ {[%clk 0:44:39]} Kb7 {[%clk 0:03:40]} 67. Qd5+
{[%clk 0:44:41]} Kc8 {[%clk 0:03:45]} 68. Qf5+ {[%clk 0:44:29]} Kb8
{[%clk 0:03:13]} 69. Qf8+ {[%clk 0:44:40]} Kb7 {[%clk 0:03:31]} 70. Qf3+
{[%clk 0:45:04]} Ka6 {[%clk 0:03:25]} 71. Qd3+ {[%clk 0:44:59]} Ka5
{[%clk 0:03:49]} 72. Qa3+ {[%clk 0:45:24]} Kb5 {[%clk 0:04:17]} 73. Qd3+
{[%clk 0:45:19]} Kc5 {[%clk 0:04:39]} 74. Qe3+ {[%clk 0:45:33]} Kd5
{[%clk 0:04:55]} 75. Qf3+ {[%clk 0:45:40]} Ke5 {[%clk 0:04:38]} 76. Qg3+
{[%clk 0:45:43]} Ke4 {[%clk 0:03:34]} 77. Qg2+ {[%clk 0:44:53]} Ke3
{[%clk 0:03:36]} 78. Qg3+ {[%clk 0:45:

[Event "V4 OPEN - International Championship of Slovakia 2
[Site "Banska Stiavnica"]
[Date "2013.07.11"]
[Round "6"]
[Board "21"]
[White "Gledura, Benjamin"]
[Black "Marczuk, Dominik"]
[Result "1-0"]
[WhiteElo "2421"]
[BlackElo "2043"]
[PlyCount "0"]
[EventDate "2013.07.06"]
[EventRounds "9"]
[EventCountry "SVK"]

1. e4 {[%clk 1:30:57]} c5 {[%clk 1:30:52]} 2. Nf3 {[%clk 1:31:19]} d6
{[%clk 1:30:53]} 3. d4 {[%clk 1:31:39]} cxd4 {[%clk 1:31:18]} 4. Nxd4
{[%clk 1:32:03]} Nf6 {[%clk 1:31:30]} 5. Nc3 {[%clk 1:32:23]} a6 {[%clk 1:31:49]}
6. h3 {[%clk 1:32:27]} g6 {[%clk 1:31:43]} 7. g4 {[%clk 1:31:53]} Bg7
{[%clk 1:32:03]} 8. Bg2 {[%clk 1:31:38]} O-O {[%clk 1:32:05]} 9. O-O
{[%clk 1:30:20]} Nc6 {[%clk 1:29:39]} 10. Nce2 {[%clk 1:24:44]} Qc7
{[%clk 1:20:05]} 11. Be3 {[%clk 1:20:59]} Nxd4 {[%clk 1:03:54]} 12. Bxd4
{[%clk 1:17:15]} e5 {[%clk 0:58:59]} 13. Be3 {[%clk 1:13:43]} b5 {[%clk 0:57:49]}
14. a3 {[%clk 1:07:17]} Bb7 {[%clk 0:51:09]} 15. Nc3 {[%clk 1:06:22]} Nd7
{[%clk 0:47:43]} 16. Qd3 {[%clk 0:54:03]} Nb6 {[%clk 0:44:50]} 17. Bxb6
{[%clk 0:45:43]} Qxb6 {[%clk 0:45:11]} 18. a4 {[%clk 0:45:59]} b4
{[%clk 0:38:42]} 19. a5 {[%clk 0:44:19]} Qd4 {[%clk 0:16:27]} 20. Qxd4
{[%clk 0:38:52]} exd4 {[%clk 0:16:50]} 21. Na2 {[%clk 0:38:26]} Rab8
{[%clk 0:15:13]} 22. Nxb4 {[%clk 0:35:24]} Bxe4 {[%clk 0:14:59]} 23. Bxe4
{[%clk 0:34:24]} Rxb4 {[%clk 0:15:07]} 24. Bd3 {[%clk 0:34:07]} Rxb2
{[%clk 0:09:00]} 25. Rfb1 {[%clk 0:32:56]} Rfb8 {[%clk 0:07:51]} 26. Rxb2
{[%clk 0:33:07]} Rxb2 {[%clk 0:08:20]} 27. Bxa6 {[%clk 0:33:03]} d3
{[%clk 0:07:16]} 28. Bxd3 {[%clk 0:32:55]} Bd4 {[%clk 0:04:18]} 29. a6
{[%clk 0:30:42]} Ba7 {[%clk 0:04:43]} 30. Kg2 {[%clk 0:29:44]} Rb8
{[%clk 0:04:10]} 31. Ra4 {[%clk 0:29:34]} Kf8 {[%clk 0:02:37]} 32. Rc4
{[%clk 0:29:51]} Bc5 {[%clk 0:02:26]} 33. Rxc5 {[%clk 0:29:54]} dxc5
{[%clk 0:02:52]} 34. Be4 {[%clk 0:30:19]} 1-0

[Event "V4 OPEN - International Championship of Slovakia 2
[Site "Banska Stiavnica"]
[Date "2013.07.11"]
[Round "6"]
[Board "22"]
[White "Motuz, Karol"]
[Black "Turkova, Karolina"]
[Result "1-0"]
[WhiteElo "2361"]
[BlackElo "2018"]
[PlyCount "0"]
[EventDate "2013.07.06"]
[EventRounds "9"]
[EventCountry "SVK"]

1. e4 {[%clk 1:29:32]} e5 {[%clk 1:30:54]} 2. Nf3 {[%clk 1:29:21]} Nc6
{[%clk 1:31:17]} 3. Bb5 {[%clk 1:29:11]} a6 {[%clk 1:31:24]} 4. Ba4
{[%clk 1:28:54]} Nf6 {[%clk 1:30:58]} 5. O-O {[%clk 1:29:02]} Be7
{[%clk 1:31:18]} 6. Bxc6 {[%clk 1:28:46]} dxc6 {[%clk 1:27:47]} 7. Qe1
{[%clk 1:27:37]} Nd7 {[%clk 1:20:33]} 8. b3 {[%clk 1:27:11]} O-O {[%clk 1:16:11]}
9. Bb2 {[%clk 1:27:14]} f6 {[%clk 1:11:56]} 10. d4 {[%clk 1:23:42]} Bd6
{[%clk 1:05:35]} 11. Nbd2 {[%clk 1:21:29]} Qe8 {[%clk 0:58:44]} 12. Nc4
{[%clk 1:16:24]} exd4 {[%clk 0:52:36]} 13. Nxd6 {[%clk 1:11:00]} cxd6
{[%clk 0:52:51]} 14. Nxd4 {[%clk 1:11:04]} Nc5 {[%clk 0:50:27]} 15. f3
{[%clk 1:10:52]} Qg6 {[%clk 0:46:19]} 16. Rd1 {[%clk 1:09:34]} Bd7
{[%clk 0:39:26]} 17. Qg3 {[%clk 1:06:17]} Qxg3 {[%clk 0:36:38]} 18. hxg3
{[%clk 1:06:36]} Rad8 {[%clk 0:35:50]} 19. Ba3 {[%clk 1:01:51]} Rfe8
{[%clk 0:29:40]} 20. Rd2 {[%clk 0:59:38]} b6 {[%clk 0:25:08]} 21. g4
{[%clk 0:45:12]} Nb7 {[%clk 0:22:54]} 22. Ne2 {[%clk 0:44:03]} Be6
{[%clk 0:21:33]} 23. Nf4 {[%clk 0:41:16]} Bf7 {[%clk 0:16:39]} 24. Rfd1
{[%clk 0:39:45]} c5 {[%clk 0:15:33]} 25. Bb2 {[%clk 0:38:43]} Rd7
{[%clk 0:14:59]} 26. Kf2 {[%clk 0:35:42]} Red8 {[%clk 0:14:30]} 27. Nh5
{[%clk 0:27:17]} Bxh5 {[%clk 0:12:22]} 28. gxh5 {[%clk 0:27:42]} Kf7
{[%clk 0:11:58]} 29. g4 {[%clk 0:26:20]} Na5 {[%clk 0:10:22]} 30. f4
{[%clk 0:22:03]} Nc6 {[%clk 0:09:32]} 31. Kf3 {[%clk 0:21:05]} Ke7
{[%clk 0:06:32]} 32. c4 {[%clk 0:17:26]} b5 {[%clk 0:05:50]} 33. Bc3
{[%clk 0:15:41]} Rb7 {[%clk 0:02:48]} 34. Rg1 {[%clk 0:14:19]} Kf7
{[%clk 0:01:02]} 35. g5 {[%clk 0:13:27]} Rbd7 {[%clk 0:00:45]} 36. gxf6
{[%clk 0:12:21]} gxf6 {[%clk 0:01:08]} 37. h6 {[%clk 0:12:40]} bxc4
{[%clk 0:00:42]} 38. Rg7+ {[%clk 0:12:00]} Kf8 {[%clk 0:00:46]} 39. Bxf6
{[%clk 0:12:07]} Nd4+ {[%clk 0:00:35]} 40. Rxd4 {[%clk 0:08:34]} cxd4
{[%clk 0:00:42]} 41. bxc4 {[%clk 0:08:45]} 1-0

[Event "V4 OPEN - International Championship of Slovakia 2
[Site "Banska Stiavnica"]
[Date "2013.07.11"]
[Round "6"]
[Board "24"]
[White "Sturc, Jan"]
[Black "Ruckschloss, Karol"]
[Result "0-1"]
[WhiteElo "1999"]
[BlackElo "2283"]
[PlyCount "0"]
[EventDate "2013.07.06"]
[EventRounds "9"]
[EventCountry "SVK"]

1. d4 {[%clk 1:30:46]} d6 2. Nf3 g6 {[%clk 1:31:04]} 3. e4 {[%clk 1:29:50]} Nf6
{[%clk 1:31:18]} 4. Nc3 {[%clk 1:26:06]} Bg7 {[%clk 1:31:23]} 5. h3 c6
{[%clk 1:30:06]} 6. Be3 {[%clk 1:21:06]} Qa5 {[%clk 1:28:02]} 7. Bd3 b5 8. O-O
{[%clk 1:19:55]} b4 {[%clk 1:28:11]} 9. Ne2 {[%clk 1:19:11]} O-O 10. a3
{[%clk 1:17:59]} bxa3 {[%clk 1:26:20]} 11. Rxa3 {[%clk 1:17:45]} Qb6
{[%clk 1:25:59]} 12. Rb3 {[%clk 1:10:07]} Qc7 13. Qc1 Nbd7 {[%clk 1:21:19]} 14.
c4 {[%clk 1:08:12]} c5 {[%clk 1:16:52]} 15. d5 {[%clk 0:54:55]} Rb8
{[%clk 1:17:00]} 16. Rxb8 {[%clk 0:52:55]} Nxb8 {[%clk 1:17:18]} 17. Nc3
{[%clk 0:50:00]} Na6 {[%clk 1:17:27]} 18. Bh6 {[%clk 0:50:00]} Nb4
{[%clk 0:47:43]} 19. Bb1 {[%clk 0:42:20]} e5 20. dxe6 {[%clk 0:42:20]} fxe6
{[%clk 0:47:34]} 21. Bxg7 {[%clk 0:36:01]} Kxg7 {[%clk 0:46:50]} 22. e5
{[%clk 0:33:27]} dxe5 {[%clk 0:44:13]} 23. Qe3 {[%clk 0:33:13]} Nd7
{[%clk 0:42:56]} 24. Re1 {[%clk 0:30:50]} Nc6 {[%clk 0:43:03]} 25. Be4
{[%clk 0:28:05]} Nd4 {[%clk 0:42:52]} 26. Ng5 {[%clk 0:25:59]} Qb6
{[%clk 0:36:38]} 27. Nb5 {[%clk 0:22:03]} a6 {[%clk 0:32:50]} 28. Nxd4
{[%clk 0:21:46]} exd4 {[%clk 0:33:00]} 29. Qg3 {[%clk 0:21:47]} e5
{[%clk 0:25:23]} 30. Bd5 {[%clk 0:17:13]} Re8 {[%clk 0:21:57]} 31. f4 exf4 32.
Qh4 {[%clk 0:10:17]} Rxe1+ {[%clk 0:22:11]} 33. Qxe1 {[%clk 0:10:45]} Qf6 34.
Ne6+ {[%clk 0:07:26]} Kh6 {[%clk 0:21:00]} 35. g4 {[%clk 0:05:08]} fxg3
{[%clk 0:20:13]} 36. Qxg3 {[%clk 0:04:10]} g5 {[%clk 0:12:49]} 37. Qc7
{[%clk 0:03:40]} d3 {[%clk 0:13:14]} 38. Qa5 {[%clk 0:02:05]} Qxb2
{[%clk 0:11:29]} 39. h4 {[%clk 0:01:15]} Qc1+ {[%clk 0:10:56]} 40. Kh2
{[%clk 0:01:09]} gxh4 {[%clk 0:09:44]} 41. Qd8 {[%clk 0:01:19]} Qd2+
{[%clk 0:09:40]} 42. Bg2 {[%clk 0:28:55]} Kg6 {[%clk 0:37:45]} 43. Qxc8
{[%clk 0:26:05]} h3 {[%clk 0:36:34]} 44. Qg8+ {[%clk 0:18:19]} Kf6
{[%clk 0:37:02]} 45. Kxh3 {[%clk 0:17:59]} Qe3+ {[%clk 0:31:40]} 46. Kh4
{[%clk 0:16:25]} Qe1+ {[%clk 0:29:25]} 47. Kh5 {[%clk 0:14:54]} Qxe6
{[%clk 0:28:58]} 48. Qg5+ {[%clk 0:14:23]} Kf7 {[%clk 0:29:20]} 49. Kh4
{[%clk 0:09:25]} Qf6 0-1

[Event "V4 OPEN - International Championship of Slovakia 2
[Site "Banska Stiavnica"]
[Date "2013.07.11"]
[Round "6"]
[Board "25"]
[White "Jarmula, Lukasz"]
[Black "Kravec, Patrik"]
[Result "1-0"]
[WhiteElo "2261"]
[BlackElo "1916"]
[PlyCount "0"]
[EventDate "2013.07.06"]
[EventRounds "9"]
[EventCountry "SVK"]

1. d4 {[%clk 1:30:58]} d5 {[%clk 1:28:36]} 2. c4 {[%clk 1:31:22]} e6
{[%clk 1:28:23]} 3. Nc3 {[%clk 1:31:43]} Nf6 {[%clk 1:28:16]} 4. cxd5
{[%clk 1:31:45]} exd5 {[%clk 1:27:20]} 5. Bg5 {[%clk 1:30:55]} Be7
{[%clk 1:27:07]} 6. e3 {[%clk 1:31:18]} c6 {[%clk 1:25:33]} 7. Bd3
{[%clk 1:31:37]} O-O {[%clk 1:25:32]} 8. Qc2 {[%clk 1:31:54]} Nbd7
{[%clk 1:24:48]} 9. Nge2 {[%clk 1:32:16]} Re8 {[%clk 1:23:14]} 10. O-O
{[%clk 1:29:21]} Nf8 {[%clk 1:21:47]} 11. f3 {[%clk 1:27:24]} Ng6
{[%clk 1:07:39]} 12. Rad1 {[%clk 1:16:05]} Nh5 {[%clk 1:00:59]} 13. Bxe7
{[%clk 1:10:56]} Qxe7 {[%clk 1:00:04]} 14. e4 {[%clk 1:11:17]} dxe4
{[%clk 0:57:20]} 15. fxe4 {[%clk 1:11:30]} Bg4 {[%clk 0:55:54]} 16. e5
{[%clk 1:08:49]} Bxe2 {[%clk 0:42:48]} 17. Nxe2 {[%clk 1:02:23]} Nf8
{[%clk 0:37:26]} 18. Qc1 {[%clk 0:51:24]} g6 {[%clk 0:29:31]} 19. Qh6
{[%clk 0:50:20]} Ne6 {[%clk 0:27:45]} 20. g4 {[%clk 0:44:41]} Nhg7
{[%clk 0:27:19]} 21. Rf6 {[%clk 0:43:06]} Nxd4 {[%clk 0:24:53]} 22. Nxd4
{[%clk 0:42:52]} Qxe5 {[%clk 0:24:58]} 23. Qf4 {[%clk 0:42:24]} Qxf4
{[%clk 0:24:49]} 24. Rxf4 {[%clk 0:42:47]} c5 {[%clk 0:24:28]} 25. Nb5
{[%clk 0:40:02]} Ne6 {[%clk 0:24:31]} 26. Rff1 {[%clk 0:39:36]} a6
{[%clk 0:24:21]} 27. Nd6 {[%clk 0:38:52]} Re7 {[%clk 0:23:58]} 28. Be4
{[%clk 0:34:31]} Rb8 {[%clk 0:23:46]} 29. Bd5 {[%clk 0:34:39]} Ng5
{[%clk 0:21:06]} 30. h4 {[%clk 0:34:37]} 1-0

[Event "V4 OPEN - International Championship of Slovakia 2
[Site "Banska Stiavnica"]
[Date "2013.07.11"]
[Round "6"]
[Board "26"]
[White "Hros, Roman"]
[Black "Nemeth, Denes"]
[Result "0-1"]
[WhiteElo "1982"]
[BlackElo "2257"]
[PlyCount "46"]
[EventDate "2013.07.06"]
[EventRounds "9"]
[EventCountry "SVK"]

1. e4 c5 2. Nf3 d6 3. d4 cxd4 4. Nxd4 Nf6 5. Nc3 g6 6. Be3 Bg7 7. Be2 O-O 8.
O-O Nc6 9. Nb3 Be6 10. f4 Rc8 11. f5 Bd7 12. Qe1 Ne5 13. Qh4 b5 14. Nd4 Nc4 15.
Bxc4 Rxc4 16. Rae1 Qa5 17. Nb3 Qc7 18. Nd4 Qb7 19. Rf3 b4 20. Nd5 Nxd5 21. fxg6
hxg6 22. exd5 Qxd5 23. Qxe7 Bg4 0-1

[Event "V4 OPEN - International Championship of Slovakia 2
[Site "Banska Stiavnica"]
[Date "2013.07.11"]
[Round "6"]
[Board "27"]
[White "Mukashev, Assan"]
[Black "Sepesi, Samuel"]
[Result "1-0"]
[WhiteElo "2247"]
[BlackElo "1954"]
[PlyCount "0"]
[EventDate "2013.07.06"]
[EventRounds "9"]
[EventCountry "SVK"]

1. d4 {[%clk 1:26:24]} Nf6 {[%clk 1:30:53]} 2. Nf3 {[%clk 1:26:48]} d5
{[%clk 1:31:15]} 3. c4 {[%clk 1:27:04]} e6 {[%clk 1:31:32]} 4. g3
{[%clk 1:27:29]} dxc4 {[%clk 1:31:56]} 5. Bg2 {[%clk 1:27:55]} c5
{[%clk 1:32:18]} 6. Qa4+ {[%clk 1:27:27]} Nc6 {[%clk 1:32:39]} 7. dxc5
{[%clk 1:25:11]} Bxc5 {[%clk 1:30:48]} 8. Qxc4 {[%clk 1:25:29]} Qd5
{[%clk 1:12:08]} 9. Qxd5 {[%clk 1:21:48]} exd5 {[%clk 1:09:53]} 10. Nc3
{[%clk 1:21:54]} O-O {[%clk 1:08:11]} 11. O-O {[%clk 1:21:21]} Re8
{[%clk 1:01:59]} 12. e3 {[%clk 1:20:48]} Bf5 {[%clk 1:00:04]} 13. Bd2
{[%clk 1:10:59]} Rad8 {[%clk 0:45:48]} 14. Na4 {[%clk 0:53:23]} Bb4
{[%clk 0:36:29]} 15. Bxb4 {[%clk 0:53:21]} Nxb4 {[%clk 0:36:56]} 16. Nd4
{[%clk 0:53:43]} Be4 {[%clk 0:35:45]} 17. Rfd1 {[%clk 0:49:12]} Rc8
{[%clk 0:32:27]} 18. Nc3 {[%clk 0:43:44]} h5 {[%clk 0:17:03]} 19. Ndb5
{[%clk 0:41:04]} Re7 {[%clk 0:12:01]} 20. Nxa7 {[%clk 0:40:57]} Ra8
{[%clk 0:11:46]} 21. Nab5 {[%clk 0:41:16]} Nc2 {[%clk 0:09:11]} 22. Rac1
{[%clk 0:41:15]} Nb4 {[%clk 0:09:27]} 23. Rd2 {[%clk 0:38:51]} Kh7
{[%clk 0:04:35]} 24. a3 {[%clk 0:39:00]} Nc6 {[%clk 0:02:42]} 25. Nxd5
{[%clk 0:38:13]} Bxd5 {[%clk 0:03:00]} 26. Bxd5 {[%clk 0:38:37]} Nxd5
{[%clk 0:02:24]} 27. Rxd5 {[%clk 0:39:05]} g6 {[%clk 0:02:13]} 28. Nd4
{[%clk 0:36:44]} Ne5 {[%clk 0:02:00]} 29. Rdc5 {[%clk 0:37:10]} Nd3
{[%clk 0:02:05]} 30. Rc7 {[%clk 0:37:36]} Rxc7 {[%clk 0:01:39]} 31. Rxc7
{[%clk 0:38:05]} Nxb2 {[%clk 0:01:59]} 32. Rxf7+ {[%clk 0:38:32]} Kg8
{[%clk 0:02:23]} 33. Rxb7 {[%clk 0:38:59]} Nc4 {[%clk 0:02:46]} 34. Ne6
{[%clk 0:39:06]} Ne5 {[%clk 0:02:32]} 35. f4 {[%clk 0:37:40]} Ng4
{[%clk 0:02:45]} 36. h3 {[%clk 0:37:46]} Nxe3 {[%clk 0:02:16]} 37. Rg7+
{[%clk 0:38:13]} Kh8 {[%clk 0:02:41]} 38. Rxg6 {[%clk 0:38:40]} Rxa3
{[%clk 0:02:07]} 39. Rh6+ {[%clk 0:39:00]} Kg8 {[%clk 0:02:33]} 40. Rxh5
{[%clk 0:39:26]} Ra2 {[%clk 0:02:38]} 41. g4 {[%clk 0:39:07]} Rg2+
{[%clk 0:03:00]} 42. Kh1 {[%clk 0:39:31]} Re2 {[%clk 0:01:36]} 43. Re5
{[%clk 0:37:56]} Re1+ {[%clk 0:01:55]} 44. Kh2 {[%clk 0:38:21]} Nf1+
{[%clk 0:01:36]} 45. Kg2 {[%clk 0:38:21]} Rxe5 {[%clk 0:01:58]} 46. fxe5
{[%clk 0:38:48]} Ne3+ {[%clk 0:02:21]} 47. Kf3 {[%clk 0:39:13]} Nc4
{[%clk 0:02:45]} 48. Ke4 {[%clk 0:39:26]} Kf7 {[%clk 0:03:07]} 49. Nf4
{[%clk 0:39:50]} 1-0